00318pab a2200121 454500008004000000100001400040245006100054260000900115300001100124362001400135650003000149773001700179180718b1987 xxu||||| |||| 00| 0 eng d aVig, S.N. aSelect bibliography on strategic planning and management c1987 a95-107 aApr.-June aManagement - Bibliography aProductivity